Geometry Dash demonlist 29/10/2021 - Statistics

General Stats
  • This quiz has been taken 150 times
  • The average score is 33 of 141
Answer Stats
No. Level % Correct
1 Tartarus
87%
51 Sonic Wave
86%
22 Bloodlust
85%
2 Sonic Wave Infinity
76%
4 The Golden
73%
6 Zodiac
73%
7 Kenos
67%
3 Trueffet
59%
57 Yatagarasu
57%
12 Crimson Planet
56%
5 Hard Machine
56%
50 Sonic Wave Rebirth
48%
8 Renevant
47%
68 Erebus
44%
52 Omega
44%
9 SARY NEVER CLEAR
43%
16 Cognition
41%
15 Cold Sweat
41%
37 Plasma Pulse Finale
41%
13 Calculator Core
39%
26 Deimos
39%
10 Fragile
38%
30 Kowareta
38%
47 Gamma
37%
11 Promethean
37%
35 Sigma
37%
34 The Yandere
37%
14 Thinking Space
37%
67 xo
37%
99 Artificial Ascent
36%
18 RUST
36%
21 Silent Club
36%
41 Wasureta
36%
17 Kappa
35%
28 Arctic Lights
33%
63 Kuzureta
33%
25 Ragnarok
33%
59 Generic Wave
32%
23 Omega Interface
32%
88 Killbot
31%
103 BBBBBBBBBBBBBBBBBBBB
30%
81 Digital Descent
30%
20 Lucid Nightmares
30%
39 Nhelv
30%
19 The Rupture
30%
38 Congregation
29%
33 Ouroboros
29%
31 Frozen Cave
28%
27 Aronia
24%
29 Asterios
24%
107 The Hell Zone
24%
64 Molten Gear
23%
127 Super Probably Level
23%
80 WOW
23%
32 Aquatic Auroras
22%
56 Cybernetic Crescent
21%
24 Akashic Records
20%
74 Devil Vortex
20%
77 Freedom08
20%
42 Molten Core
20%
148 SubSonic
20%
46 Hyper Paracosm
19%
89 Omicron
19%
49 Spacial Rend
19%
36 Visible Ray
19%
54 Macabre
18%
45 Requiem
18%
44 Necromancer
17%
65 Rage
17%
139 Astral Divinity
16%
43 Calamity
16%
106 Quantum Processing
16%
40 Spectrum Cyclone
16%
102 Yuh
16%
82 ZAPHKIEL
16%
79 Catalyze
15%
53 CHROMA FINALE
15%
87 Delta Interface
15%
110 Rate Demon
15%
85 Stalemate Redux
15%
75 Timor
15%
142 2 1 1
14%
70 Altered Ascent
14%
128 Bass Cave
14%
78 Boogie
14%
133 BuTiTi III
14%
71 Dark Flare
14%
72 Lucid Chaos
14%
143 Dolos
13%
58 Edge of the Blade
13%
48 Eternal Moment
13%
55 Infinite Iniquity
13%
92 Step to Hell
13%
62 The Reaper
13%
61 Titan Complex
13%
145 Audio Expulsion
12%
121 CHROMA II
12%
108 Glowy
12%
120 Void Wave
12%
147 Anoxysm
11%
126 Balengu Vortex
11%
123 Belloq
11%
86 Cadrega City
11%
98 Ethereal Artifice
11%
132 Hyper Paradox
11%
149 ikaros
11%
60 Mirrored Calamity
11%
76 Paroxysm
11%
66 Sephiroth
11%
101 Aesthetic
10%
140 Berserk
10%
100 Chromatic Haze
9%
97 Fabrication
9%
150 Mujigae
9%
91 Stygian Machinery
9%
141 Surge of the Shield
9%
83 Tapwreck
9%
94 Tempered Steel
9%
131 Cadrega Mode
7%
109 Crystal
7%
95 Demonicat
7%
135 DMG CTRL
7%
104 Missing Benefits
7%
105 Occult Outcry
7%
84 Photovoltaic
7%
93 Solarion
7%
134 Ziroikapi
7%
96 Auroral Darkness
6%
73 Celestial Force
6%
129 Distraught
6%
90 Factory Realm X
6%
138 Pandemonium
6%
136 Surge Of Memories
6%
144 Glitched Memories
5%
146 Monstrosity
5%
125 Never Beat It
5%
124 Spectrum Rave
5%
130 Sinister Incision
4%
122 Static Ignition
4%
137 Carcano
3%
69 Sunsent Sandstorm
0%
No matching quizzes found
Score Distribution
Percent of People with Each Score
Percentile by Number Answered
Your Score History
You have not taken this quiz